Detalles MARC
| 000 -LIDER |
| fixed length control field |
00982nam a22003497a 4500 |
| 001 - NÚMERO DE CONTROL |
| Identificador de número de control |
001944217 |
| 003 - IDENTIFICACDOR DE NÚMERO DE CONTROL |
| control field |
DO-SdBNP |
| 005 - DATE AND TIME OF LATEST TRANSACTION |
| control field |
20230317130346.0 |
| 007 - CAMPOS FIJOS DE DESCRIPCIÓN FÍSICA |
| fixed length control field |
001944217 |
| 008 - ELEMENTOS DE LONGITUD FIJA |
| fixed length control field |
040524s 1999 sp | ||| ||spa |
| 017 ## - NÚMERO DE REGISTRO DE DERECHOS DE AUTOR |
| Copyright or legal deposit number |
|
| Assigning agency |
|
| 020 ## - ISBN |
| International Standard Book Number |
8432303852 |
| 035 ## - NÚMERO LOCAL |
| System control number |
|
| 040 ## - FUENTE DE CATALOGACIÓN |
| Agencia que crea de manera original el registro |
BPMSU |
| Idioma de catalogación |
spa |
| Agencia que realiza la transcripción |
BPMSU |
| Convenciones de la despripción |
|
| 080 #0 - NÚMERO DE CLASIFICACIÓN DECIMAL UNIVERSAL |
| Universal Decimal Classification number |
|
| 080 #0 - NÚMERO DE CLASIFICACIÓN DECIMAL UNIVERSAL |
| Universal Decimal Classification number |
|
| 082 #4 - NÚMERO DE CLASIFICACIÓN DECIMAL DE DEWEY |
| Classification number |
330.98 |
| Item number |
G152v 1999 |
| Edition number |
22 |
| 100 1# - ASIENTO PRINCIPAL -- NOMBRE PERSONAL |
| Nombre personal |
Galeano, Eduardo, |
| Fechas asociadas con el nombre |
1940-2015 |
| 245 14 - MENCIÓN DE TITULO |
| Título |
Las venas abiertas de América Latina / |
| Mención de responsabilidad |
Eduardo Galeano. |
| Medio (Designación general de material) |
|
| 250 ## - MENCIÓN DE EDICION |
| Mención de edición |
15a. ed. |
| 260 ## - PUBLICACIÓN, DISTRIBUCIÓN, ETC. (PIE DE IMPRENTA) |
| Lugar de publicación, distribución, etc |
Madrid : |
| Nombre del editor, distribuidor, etc. |
Siglo XXI de España, |
| Fecha de publicación, distribución, etc |
1999. |
| 300 ## - DESCRIPCIÓN FÍSICA |
| Extensión |
486 p. ; |
| Dimensiones |
21 cm. |
| 490 0# - MENCIÓN DE SERIES |
| Mención de serie |
Biblioteca Eduardo Galeano |
| 500 ## - NOTA GENERAL |
| Nota general |
Incluye índice |
| 590 ## - NOTA LOCAL |
| Enlace |
Inventariado, 2023/VM |
| 651 #4 - ENCABEZAMIENTO DE MATERIA--NOMBRE GEOGRÁFICO |
| Nombre geográfico |
América Latina |
| Subdivisión temática general |
Condiciones económicas |
| 651 #4 - ENCABEZAMIENTO DE MATERIA--NOMBRE GEOGRÁFICO |
| Nombre geográfico |
América Latina |
| Subdivisión temática general |
codiciones sociales |
| Fuente del encabezamiento o término |
|
| 651 #4 - ENCABEZAMIENTO DE MATERIA--NOMBRE GEOGRÁFICO |
| Nombre geográfico |
América Latina |
| Subdivisión temática general |
Historia |
| 856 41 - UBICACIÓN ELECTRÓNICA Y ACCESO |
| Identificador Uniforme del Recurso (“URI”) |
|
| 910 ## - VALIDACIÓN |
| Validación |
VMateo V. Control de calidad (BPMSU) |
| 942 ## - ADDED ENTRY ELEMENTS (KOHA) |
| Source of classification or shelving scheme |
Dewey Decimal Classification |
| Koha item type |
Libros |